| 000 | 00426nam a22001697a 4500 | ||
|---|---|---|---|
| 005 | 20160523103258.0 | ||
| 008 | 160523b xxu||||| |||| 00| 0 eng d | ||
| 020 | _a81-7188-409-1 | ||
| 041 | _aeng | ||
| 082 | _b4135 | ||
| 100 |
_aGwartney / James Lawson / robert _91016 |
||
| 245 | _aEconomic Freedom of the World | ||
| 260 |
_aNew Delhi _bAcademic Faundation |
||
| 300 | _a189 | ||
| 650 |
_aManagement _9241 |
||
| 942 | _cBK | ||
| 999 |
_c1387 _d1387 |
||